| 000 | 01693nam a22004094a 4500 | ||
|---|---|---|---|
| 001 | ebr10112778 | ||
| 003 | CaPaEBR | ||
| 006 | m u | ||
| 007 | cr cn||||||||| | ||
| 008 | 030804m19uu9999ncua sb 001 0 eng | ||
| 010 | _z 2003272836 | ||
| 020 | _z0738424145 (v. 4) | ||
| 020 | _z0738424161 (v. 5) | ||
| 020 | _z0738426377 (v. 6) | ||
| 020 | _z0738426385 (v. 7) | ||
| 040 |
_aCaPaEBR _cCaPaEBR |
||
| 035 | _a(OCoLC)560313661 | ||
| 050 | 1 | 4 |
_aQA76.9.C55 _bC67 2002eb |
| 245 | 0 | 0 |
_aCommunications server for z/OS V1R2 TCP/IP implementation guide _h[electronic resource] / _cAdolfo Rodriguez ... [et al.]. |
| 250 | _a1st ed. | ||
| 260 |
_aResearch Triangle Park, NC : _bIBM Corp., _c2002. |
||
| 300 |
_av. <4-7 > : _bill. |
||
| 490 | 1 | _aIBM redbooks | |
| 504 | _aIncludes bibliographical references and indexes. | ||
| 505 | 1 | _av. 4. Connectivity and routing -- v. 5. Availability, scalability, and performance -- v. 6. Policy and network management -- v. 7. Security | |
| 533 |
_aElectronic reproduction. _bPalo Alto, Calif. : _cebrary, _d2013. _nAvailable via World Wide Web. _nAccess may be limited to ebrary affiliated libraries. |
||
| 630 | 0 | 0 | _az/OS. |
| 650 | 0 | _aClient/server computing. | |
| 650 | 0 | _aCommunications software. | |
| 650 | 0 | _aTCP/IP (Computer network protocol) | |
| 655 | 7 |
_aElectronic books. _2local |
|
| 700 | 1 | _aRodriguez, Adolfo. | |
| 710 | 2 |
_aInternational Business Machines Corporation. _bInternational Technical Support Organization. |
|
| 710 | 2 | _aebrary, Inc. | |
| 830 | 0 | _aIBM redbooks. | |
| 856 | 4 | 0 |
_uhttp://site.ebrary.com/lib/rucke/Doc?id=10112778 _zAn electronic book accessible through the World Wide Web; click to view |
| 999 |
_c106590 _d106590 |
||